Statistics for Queens Park Rangers all-time top scorers

Click here to take the quiz!

General Stats

  • This quiz has been taken 5 times
  • The average score is 5 of 11

Answer Stats

GoalsNationalityPlayer% Correct
43EnglandStan Bowles
100%
41IrelandDon Givens
75%
80EnglandLes Ferdinand
75%
34MoroccoAdel Taarabt
50%
61EnglandCharlie Austin
50%
34Scotland / AustraliaLyndon Dykes
50%
38EnglandGavin Peacock
25%
93EnglandKevin Gallen
25%
57EnglandPaul Furlong
25%
62EnglandGary Bannister
0%
37IrelandMartin Rowlands
0%

Score Distribution

Percentile by Number Answered

Percent of People with Each Score

Your Score History

You have not taken this quiz